000 00758nam a2200205 i 4500
001 150891
003 ES-MaACL
005 20240424063056.0
007 t|
008 071116s1878 sp ||||1| spa d
100 1 _aLaguna, Máximo,
_d1826-1902
_969621
245 1 0 _aConíferas y amentáceas españolas /
_cpor Máximo Laguna.
260 _aMadrid :
_b[s.n.],
_c1878 (
_fPerojo)
300 _a41 p. ;
_c23 cm.
530 _aDisponible también en sitio web.
650 4 _aConíferas-
_zEspaña.
_9149865
852 _aES-MaACL
_jG-9533(11)
_q. - Encuadernado con otras obras
856 _uhttp://bibliotecadigitalhispanica.bne.es:80/webclient/DeliveryManager?pid=1630983&custom_att_2=simple_viewer
_zIr a la página
999 _c150891
_d150891